Essentials of business law and the regulatory environment / (Record no. 14482)
[ view plain ]
| 000 -LEADER | |
|---|---|
| fixed length control field | 00586nam a22001697a 4500 |
| 003 - CONTROL NUMBER IDENTIFIER | |
| control field | PILC |
| 005 - DATE AND TIME OF LATEST TRANSACTION | |
| control field | 20150112093433.0 |
| 008 - FIXED-LENGTH DATA ELEMENTS--GENERAL INFORMATION | |
| fixed length control field | 130222t xxu||||| |||| 00| 0 eng d |
| 020 ## - INTERNATIONAL STANDARD BOOK NUMBER | |
| International Standard Book Number | 0256146144 |
| 050 ## - LIBRARY OF CONGRESS CALL NUMBER | |
| Classification number | KF 889 |
| Item number | .D85 1995 |
| 082 ## - DEWEY DECIMAL CLASSIFICATION NUMBER | |
| Classification number | LwSF 346.730 |
| Item number | D97 1995 |
| 100 ## - MAIN ENTRY--PERSONAL NAME | |
| Personal name | Dworkin, Terry Morehead |
| 9 (RLIN) | 14182 |
| 245 ## - TITLE STATEMENT | |
| Title | Essentials of business law and the regulatory environment / |
| Statement of responsibility, etc | Terry Morehead Dworkin, A. James Barnes, Eric L. Richards |
| 260 ## - PUBLICATION, DISTRIBUTION, ETC. (IMPRINT) | |
| Place of publication, distribution, etc | Chicago : Irwin, |
| Date of publication, distribution, etc | 1995. |
| Name of publisher, distributor, etc | RICHARD D. IRWIN, INC., |
| 300 ## - PHYSICAL DESCRIPTION | |
| Extent | 580 pages : |
| Other physical details | ill. (some col.) |
| Dimensions | 26 cm. |
| 942 ## - ADDED ENTRY ELEMENTS (KOHA) | |
| Source of classification or shelving scheme | Library of Congress Classification |
| Koha item type | Books |
| Withdrawn status | Lost status | Source of classification or shelving scheme | Damaged status | Home library | Current library | Shelving location | Date acquired | Total Checkouts | Full call number | Barcode | Date last seen | Copy number | Price effective from | Koha item type |
|---|---|---|---|---|---|---|---|---|---|---|---|---|---|---|
| Library of Congress Classification | Southville International School Affiliated with Foreign Universities Library | Southville International School Affiliated with Foreign Universities Library | Southville Foreign University Section | 08/28/2013 | KF 889 .D85 1995 | SFU0349 | 05/15/2018 | 1 | 08/28/2013 | Books |